[Event "C.to Italiano U14 femminile"]
[Site "Courmayeur ITA"]
[Date "2009.07.02"]
[Round "5"]
[White "Penzo, Martina"]
[Black "Balzano, Filli"]
[Result "0-1"]
[WhiteElo "1419"]
[BlackElo "1731"]
[PlyCount "159"]
[EventDate "2009.06.29"]

1. f4 d5 2. Nf3 g6 3. e3 Bg7 4. Nc3 Nf6 5. b3 O-O 6. d3 c5 7. Bb2 Nc6 8. Be2 b6
9. O-O Bb7 10. Qe1 d4 11. exd4 cxd4 12. Nd1 Nd5 13. Qd2 Qc7 14. g3 Rac8 15. c4
dxc3 16. Nxc3 Nxc3 17. Bxc3 Bxc3 18. Qxc3 Nb8 19. Qxc7 Rxc7 20. Nd4 Ba6 21.
Rac1 Rxc1 22. Rxc1 Rd8 23. Nf3 Rc8 24. Rxc8+ Bxc8 25. Kf2 f6 26. d4 Nc6 27. a3
Bg4 28. Ke3 Kf7 29. Ng1 Bxe2 30. Nxe2 Na5 31. Nc1 Ke6 32. Ke4 f5+ 33. Kd3 Kd5
34. Ke3 Nb7 35. Nd3 Na5 36. Nc1 Nc6 37. Ne2 Nd8 38. Nc1 a5 39. Kd3 Nf7 40. Ke3
Nd6 41. a4 Ne4 42. h3 Nxg3 43. Kf2 Nh5 44. Ke3 Nf6 45. Nd3 Nd7 46. Nc1 Nb8 47.
Ne2 Nc6 48. Nc3+ Kd6 49. Nb5+ Kd7 50. Nc3 Nb4 51. Ne2 Nc2+ 52. Kd2 Nb4 53. Ke3
Kd6 54. Kd2 Kd5 55. Ke3 Nc2+ 56. Kd3 Nb4+ 57. Ke3 h6 58. Nc3+ Ke6 59. Ne2 g5
60. fxg5 hxg5 61. Kf3 Kd5 62. Ke3 Nc2+ 63. Kd3 Ne1+ 64. Ke3 Ng2+ 65. Kd3 f4 66.
Nc3+ Ke6 67. Ke4 Nh4 68. Nd1 Nf5 69. Nf2 Nd6+ 70. Kf3 Kd5 71. Kg4 Nf7 72. h4
gxh4 73. Kxh4 Kxd4 74. Kg4 e5 75. Kf3 Ng5+ 76. Kg4 Ke3 77. Nd1+ Kd2 78. Kxg5
Kxd1 79. Kf5 f3 80. Kxe5 0-1

[Event "C.to Italiano U14 femminile"]
[Site "Courmayeur ITA"]
[Date "2009.07.03"]
[Round "6"]
[White "Balzano, Filli"]
[Black "Movileanu, Daniela"]
[Result "1-0"]
[WhiteElo "1731"]
[BlackElo "1476"]
[PlyCount "113"]
[EventDate "2009.06.29"]

1. e4 e5 2. Nf3 Nc6 3. d4 exd4 4. Nxd4 Bc5 5. Nb3 Bb6 6. Nc3 d6 7. a4 a6 8. Nd5
Bc5 9. Nxc5 dxc5 10. Bf4 Kf8 11. Nxc7 Qxd1+ 12. Rxd1 Ra7 13. Bd6+ Nge7 14. Bxc5
b6 15. Bxe7+ Kxe7 16. Nd5+ Ke8 17. Nxb6 Be6 18. Bc4 Bxc4 19. Nxc4 Ke7 20. O-O
Rb8 21. b3 Nb4 22. Rd2 Rc8 23. Rfd1 Nc6 24. Nb6 Rb8 25. Nd5+ Ke8 26. Rd3 f6 27.
Rh3 h6 28. Rg3 Kf8 29. Rc3 Ne5 30. f4 Nf7 31. Rc7 Rxc7 32. Nxc7 Rb6 33. Nd5 Re6
34. Nc3 Ke8 35. Kf2 Nd8 36. Rd3 Nc6 37. Kf3 Re7 38. Ne2 Rb7 39. Ng3 Kf8 40. Ke3
Ne7 41. Rd6 Rc7 42. Kd3 Ra7 43. Ne2 a5 44. Nd4 Kf7 45. Nc6 Nxc6 46. Rxc6 Ke7
47. Rc5 Kd6 48. Rd5+ Kc6 49. c4 Kb6 50. e5 fxe5 51. fxe5 Rf7 52. e6 Re7 53. c5+
Kc6 54. Re5 Kc7 55. Kc4 Kc6 56. Re4 g6 57. h4 1-0

[Event "C.to Italiano U14 femminile"]
[Site "Courmayeur ITA"]
[Date "2009.07.03"]
[Round "7"]
[White "Tittarelli, Edith"]
[Black "Balzano, Filli"]
[Result "1/2-1/2"]
[WhiteElo "1624"]
[BlackElo "1731"]
[PlyCount "155"]
[EventDate "2009.06.29"]

1. d4 d5 2. Bf4 Nf6 3. Nf3 c5 4. c3 Nc6 5. e3 Qb6 6. Qc1 Bf5 7. Nbd2 h6 8. Be2
Rc8 9. dxc5 Qxc5 10. Nb3 Qb6 11. O-O e6 12. Nfd4 Bg6 13. Nxc6 bxc6 14. c4 Qd8
15. Nd2 Be7 16. Nf3 O-O 17. Rd1 Nd7 18. Qd2 Qb6 19. b3 Bb4 20. Qb2 Qa5 21. Rac1
Ba3 22. Qc3 Qxc3 23. Rxc3 Bb2 24. Rcd3 Bxd3 25. Bxd3 e5 26. Rd2 Bc1 27. Rd1 Bb2
28. Rd2 exf4 29. Rxb2 fxe3 30. fxe3 Nc5 31. Bf5 Rce8 32. cxd5 cxd5 33. Rd2 Rd8
34. Ne5 g6 35. Bh3 Rd6 36. Nc4 Rdd8 37. Ne5 a6 38. Nc6 Rd6 39. Ne7+ Kg7 40.
Rxd5 Rxd5 41. Nxd5 Rd8 42. Nc7 Rd1+ 43. Kf2 Rd2+ 44. Kf3 Rxa2 45. b4 Nd7 46.
Bxd7 Rd2 47. Ba4 Ra2 48. Bd1 g5 49. h3 Kg6 50. g4 Ra1 51. Be2 a5 52. b5 Kg7 53.
b6 Rb1 54. Na8 a4 55. Bc4 a3 56. Bd5 Rb2 57. b7 Rxb7 58. Bc4 Ra7 59. Nb6 a2 60.
Bxa2 Rxa2 61. Nd5 Kg6 62. Ne7+ Kf6 63. Nf5 Kg6 64. Ne7+ Kh7 65. Nf5 Ra7 66. Kg3
Kg6 67. h4 Ra6 68. h5+ Kh7 69. Kf3 Ra1 70. Kg2 Ra6 71. Kf3 Ra5 72. Ke4 Ra4+ 73.
Kf3 Rb4 74. Nd6 Kg8 75. Nf5 Rb6 76. Ne7+ Kf8 77. Nf5 Rf6 78. Ke4 1/2-1/2

[Event "C.to Italiano U14 femminile"]
[Site "Courmayeur ITA"]
[Date "2009.07.04"]
[Round "8"]
[White "Balzano, Filli"]
[Black "De Somma, Annarita"]
[Result "0-1"]
[WhiteElo "1731"]
[BlackElo "1518"]
[PlyCount "100"]
[EventDate "2009.06.29"]

1. e4 g6 2. d4 Bg7 3. Nc3 d6 4. Nf3 Nd7 5. Be2 Ngf6 6. O-O O-O 7. h3 c5 8. d5
a6 9. a4 b6 10. Be3 Rb8 11. Nd2 Ne8 12. f4 Nc7 13. Qb1 b5 14. axb5 axb5 15. Ra7
b4 16. Nd1 f5 17. Bc4 Nb6 18. Qa2 Nxc4 19. Qxc4 Bd7 20. Qb3 Nb5 21. Ra2 Re8 22.
Bf2 e6 23. Ra1 e5 24. fxe5 Bxe5 25. Re1 f4 26. Nf3 Bg7 27. Qd3 Rc8 28. Qc4 Kh8
29. Bh4 Bf6 30. Bxf6+ Qxf6 31. Ra2 Re7 32. Nf2 Rg8 33. Ng4 Qg7 34. Ng5 h6 35.
Nf3 h5 36. Nf2 g5 37. Nd2 g4 38. h4 g3 39. Nd3 Qg4 40. Nf3 Nd4 41. Nxd4 cxd4
42. Qxd4+ Reg7 43. Nxb4 Qxh4 44. Kf1 Qh1+ 45. Qg1 Bb5+ 46. Nd3 Qh2 47. Ra5 f3
48. gxf3 Qxc2 49. Re3 Bxd3+ 50. Rxd3 Qxd3+ 0-1

[Event "C.to Italiano U14 femminile"]
[Site "Courmayeur ITA"]
[Date "2009.07.05"]
[Round "9"]
[White "Chiarion, Elisa"]
[Black "Balzano, Filli"]
[Result "1-0"]
[WhiteElo "1912"]
[BlackElo "1731"]
[PlyCount "47"]
[EventDate "2009.06.29"]

1. b4 d5 2. Bb2 Bf5 3. Nf3 Nf6 4. e3 a6 5. a3 e6 6. d4 Bd6 7. c4 dxc4 8. Bxc4
h6 9. O-O O-O 10. Nc3 Bh7 11. Re1 Nc6 12. e4 Be7 13. e5 Nd5 14. Bxd5 exd5 15.
Qb3 Re8 16. Nxd5 Bf5 17. Nf4 Bg4 18. e6 fxe6 19. Nxe6 Bxe6 20. Rxe6 Kh8 21.
Rae1 Qd7 22. d5 Nd8 23. Ne5 Qc8 24. Ng6+ 1-0

[Event "C.to Italiano U16"]
[Site "Courmayeur ITA"]
[Date "2009.06.29"]
[Round "1"]
[White "Arrigo, Stefano"]
[Black "Fiducioso, Marco"]
[Result "0-1"]
[WhiteElo "1536"]
[BlackElo "2124"]
[PlyCount "48"]
[EventDate "2009.06.29"]

1. e4 e6 2. d4 d5 3. Nc3 Bb4 4. e5 c5 5. a3 Bxc3+ 6. bxc3 Nc6 7. Nf3 Bd7 8. Be3
Qc7 9. Be2 c4 10. O-O f6 11. Re1 Nge7 12. exf6 gxf6 13. Qd2 Ng6 14. h3 O-O-O
15. Nh2 Rhg8 16. Nf3 Nce7 17. Rab1 Nf5 18. Rb4 Bc6 19. Reb1 Rdf8 20. Bxc4 dxc4
21. Rxc4 Ngh4 22. Nxh4 Nxh4 23. Qe2 Rxg2+ 24. Kf1 Rfg8 0-1

[Event "C.to Italiano U16"]
[Site "Courmayeur ITA"]
[Date "2009.06.29"]
[Round "1"]
[White "Davi, Alessandro"]
[Black "Ferri, Fabio"]
[Result "1-0"]
[WhiteElo "2039"]
[BlackElo "1815"]
[PlyCount "45"]
[EventDate "2009.06.29"]

1. d4 Nf6 2. c4 e6 3. Nf3 b6 4. e3 Bb7 5. Be2 Be7 6. O-O O-O 7. Nc3 d5 8. b3
Nbd7 9. Bb2 c5 10. Rc1 Rc8 11. Rc2 dxc4 12. Bxc4 Ne4 13. Nxe4 Bxe4 14. Rd2 Qc7
15. dxc5 Nxc5 16. Nd4 Rfd8 17. Qg4 Bg6 18. f4 Ne4 19. Re2 Qc5 20. f5 exf5 21.
Nxf5 Nd2 22. Bd4 Rxd4 23. exd4 1-0

[Event "C.to Italiano U16"]
[Site "Courmayeur ITA"]
[Date "2009.06.29"]
[Round "1"]
[White "Scagliotti, Guglielmo"]
[Black "Caprio, Guido"]
[Result "0-1"]
[WhiteElo "1560"]
[BlackElo "2205"]
[PlyCount "76"]
[EventDate "2009.06.29"]

1. e4 c5 2. d4 cxd4 3. c3 Nf6 4. e5 Nd5 5. Nf3 e6 6. cxd4 b6 7. Nc3 Nxc3 8.
bxc3 Qc7 9. Bd2 d6 10. Bd3 Bb7 11. exd6 Bxd6 12. h3 Nd7 13. O-O O-O 14. Re1 Bf4
15. Be4 Bxd2 16. Qxd2 Bxe4 17. Rxe4 Rac8 18. Rc1 Nf6 19. Re2 b5 20. Ne5 Nd5 21.
c4 b4 22. Nd3 Nc3 23. Re5 Qxc4 24. Nc5 Rfd8 25. Nb3 a5 26. Rc2 a4 27. Na5 Qxd4
28. Qxd4 Rxd4 29. Rb5 g6 30. Rb6 Rd1+ 31. Kh2 b3 32. Nxb3 axb3 33. Rxb3 Rd3 34.
a4 Kg7 35. a5 Nd5 36. Rxc8 Rxb3 37. a6 Ra3 38. Ra8 Nc7 0-1

[Event "C.to Italiano U16"]
[Site "Courmayeur ITA"]
[Date "2009.06.29"]
[Round "1"]
[White "Stella, Andrea"]
[Black "Simongini, Giacomo"]
[Result "1-0"]
[WhiteElo "2276"]
[BlackElo "1566"]
[PlyCount "51"]
[EventDate "2009.06.29"]

1. e4 e6 2. Nf3 d5 3. Nc3 Bb4 4. e5 c5 5. Nb5 Nc6 6. a3 Ba5 7. Nd6+ Kf8 8. Nxc8
Rxc8 9. c3 a6 10. b4 Bc7 11. d4 cxd4 12. cxd4 b5 13. Bd3 Nge7 14. Be3 a5 15.
O-O axb4 16. axb4 Nxb4 17. Bxb5 Bb6 18. Rc1 h6 19. Qa4 Ba5 20. Rxc8 Nxc8 21.
Ra1 Ke7 22. Bd2 f6 23. Qxa5 Nc2 24. Rc1 Qxa5 25. Bxa5 Na3 26. Rc7+ 1-0

[Event "C.to Italiano U16"]
[Site "Courmayeur ITA"]
[Date "2009.06.29"]
[Round "1"]
[White "Testa, Adriano"]
[Black "Gastaldello, Lorenzo"]
[Result "1-0"]
[WhiteElo "2132"]
[BlackElo "1539"]
[PlyCount "97"]
[EventDate "2009.06.29"]

1. e4 c6 2. Nf3 d5 3. Nc3 Bg4 4. h3 Bh5 5. exd5 cxd5 6. Bb5+ Nc6 7. g4 Bg6 8.
Ne5 Qc7 9. d4 e6 10. Qe2 O-O-O 11. Bxc6 bxc6 12. Qa6+ Qb7 13. Qxc6+ Qxc6 14.
Nxc6 Rd7 15. Ne5 Rc7 16. Bf4 Rb7 17. Nxg6 hxg6 18. Nd1 Nf6 19. f3 Kd7 20. Kd2
Bd6 21. Bxd6 Kxd6 22. b3 Nh7 23. Nf2 Rc8 24. Rac1 Ng5 25. h4 Nxf3+ 26. Ke3 Rc3+
27. Nd3 e5 28. Kxf3 e4+ 29. Ke3 Rbc7 30. Kd2 exd3 31. cxd3 Rxc1 32. Rxc1 Rxc1
33. Kxc1 Kc6 34. Kd2 Kb5 35. a3 Kc6 36. Ke3 Kd6 37. Kf4 f6 38. b4 a5 39. bxa5
Kc6 40. h5 gxh5 41. gxh5 Kb5 42. Kf5 Kxa5 43. Kg6 Ka4 44. Kxg7 f5 45. h6 Kb3
46. h7 Kc3 47. h8=Q Kxd3 48. Kg6 f4 49. Qh3+ 1-0

[Event "C.to Italiano U16"]
[Site "Courmayeur ITA"]
[Date "2009.06.30"]
[Round "2"]
[White "Caprio, Guido"]
[Black "Balzano, Aldo"]
[Result "1-0"]
[WhiteElo "2205"]
[BlackElo "1853"]
[PlyCount "75"]
[EventDate "2009.06.29"]

1. e4 c5 2. Nf3 d6 3. d4 cxd4 4. Nxd4 Nf6 5. Nc3 Nc6 6. Bc4 Qb6 7. Nxc6 bxc6 8.
O-O g6 9. e5 dxe5 10. Qe2 Bg7 11. Qxe5 Bf5 12. Be3 Qb7 13. Bb3 O-O 14. Bd4 Nh5
15. Qe3 Bxd4 16. Qxd4 c5 17. Qxc5 Rac8 18. Qb5 Qxb5 19. Nxb5 Bxc2 20. Nxa7 Ra8
21. Bxc2 Rxa7 22. g3 Ng7 23. Rfd1 Ne6 24. b4 Rb8 25. a3 Nf8 26. Be4 Nd7 27. b5
Nb6 28. Bc6 Ra4 29. Re1 e6 30. Re4 Kf8 31. Rxa4 Nxa4 32. Rb1 Ke7 33. Rb4 Nc5
34. a4 Kd6 35. a5 Kc7 36. g4 f5 37. Rc4 Nb3 38. Bf3+ 1-0

[Event "C.to Italiano U16"]
[Site "Courmayeur ITA"]
[Date "2009.06.30"]
[Round "2"]
[White "Fiducioso, Marco"]
[Black "Di Misa, Salvatore"]
[Result "1-0"]
[WhiteElo "2124"]
[BlackElo "1843"]
[PlyCount "71"]
[EventDate "2009.06.29"]

1. e4 c5 2. Nf3 Nc6 3. d4 cxd4 4. Nxd4 Nf6 5. Nc3 e5 6. Ndb5 d6 7. Bg5 a6 8.
Na3 b5 9. Bxf6 gxf6 10. Nd5 f5 11. c3 Bg7 12. exf5 Bxf5 13. Nc2 O-O 14. Nce3
Be6 15. Bd3 f5 16. O-O Ra7 17. a4 Ne7 18. Nxe7+ Rxe7 19. axb5 axb5 20. Bxb5 d5
21. Ra7 f4 22. Nc2 f3 23. g3 Bc8 24. Ra8 Rc7 25. Qd2 Qd6 26. Rd1 Rc5 27. Ba4
Bh6 28. Qd3 Qe6 29. Bb3 Qh3 30. Bxd5+ Rxd5 31. Qxd5+ Kh8 32. Ne1 Bf4 33. Qd6
Bh6 34. Qe7 Qf5 35. Rd8 Kg8 36. Raxc8 1-0

[Event "C.to Italiano U16"]
[Site "Courmayeur ITA"]
[Date "2009.06.30"]
[Round "2"]
[White "Melone, Antonio"]
[Black "Testa, Adriano"]
[Result "0-1"]
[WhiteElo "1842"]
[BlackElo "2132"]
[PlyCount "130"]
[EventDate "2009.06.29"]

1. d4 d5 2. c4 e6 3. Nc3 Nf6 4. cxd5 exd5 5. Bg5 c6 6. e3 Be7 7. Bd3 Nbd7 8.
Nge2 O-O 9. O-O Ne4 10. Bxe7 Qxe7 11. Nxe4 dxe4 12. Bc2 Nf6 13. Qd2 Bf5 14. a3
a5 15. Rfc1 h5 16. Bd1 Qd6 17. Rc5 Bd7 18. Rxa5 b5 19. Rxa8 Rxa8 20. Rc1 Rd8
21. Qa5 Be6 22. Rxc6 Qf8 23. Rc1 Bc4 24. Qd2 h4 25. b3 Bxe2 26. Bxe2 Qxa3 27.
Qc2 b4 28. Bc4 g6 29. Rd1 Qa5 30. d5 Qc5 31. Qd2 Ne8 32. Qd4 Qxd4 33. Rxd4 Nd6
34. Kf1 Kg7 35. Be2 Rb8 36. Bd1 Kf6 37. Bc2 Ke5 38. f3 f5 39. f4+ Kf6 40. g3
hxg3 41. hxg3 g5 42. Rd2 gxf4 43. gxf4 Rb5 44. Bd1 Ke7 45. Rd4 Nb7 46. Be2 Rb6
47. Rc4 Na5 48. Rc7+ Kd8 49. Rc2 Nxb3 50. Rb2 Nc5 51. Ke1 Ke7 52. Kd2 Na4 53.
Rb3 Kd6 54. Bc4 Kc5 55. Be2 Kxd5 56. Bh5 Nc5 57. Bf7+ Kd6 58. Rb2 Nd3 59. Rb3
Kc5 60. Bh5 Ra6 61. Rb1 Ra2+ 62. Kd1 Rg2 63. Rb3 Rg7 64. Be8 Kc4 65. Rxd3 Kxd3
0-1

[Event "C.to Italiano U16"]
[Site "Courmayeur ITA"]
[Date "2009.06.30"]
[Round "2"]
[White "Mortola, Francesco"]
[Black "Davi, Alessandro"]
[Result "0-1"]
[WhiteElo "1802"]
[BlackElo "2039"]
[PlyCount "42"]
[EventDate "2009.06.29"]

1. e4 c6 2. d4 d5 3. e5 Bf5 4. Bd3 Bxd3 5. Qxd3 e6 6. Nf3 c5 7. c3 Nc6 8. O-O
Qc7 9. Be3 Nge7 10. Nbd2 Nf5 11. b3 Be7 12. c4 Rd8 13. dxc5 O-O 14. Rad1 dxc4
15. Qxc4 Nxe3 16. fxe3 Nxe5 17. Nxe5 Qxe5 18. Qe4 Qxc5 19. Qxb7 Qxe3+ 20. Kh1
Rxd2 21. Qxe7 Qe2 0-1

[Event "C.to Italiano U16"]
[Site "Courmayeur ITA"]
[Date "2009.06.30"]
[Round "2"]
[White "Rizzoli, Aluna"]
[Black "Stella, Andrea"]
[Result "0-1"]
[WhiteElo "1852"]
[BlackElo "2276"]
[PlyCount "104"]
[EventDate "2009.06.29"]

1. e4 e6 2. d3 d5 3. Nd2 Nf6 4. Ngf3 Bc5 5. e5 Nfd7 6. g3 Bb6 7. Bg2 c5 8. Nb3
Nc6 9. Qe2 h6 10. h4 f6 11. Bf4 fxe5 12. Nxe5 Ndxe5 13. Bxe5 Nxe5 14. Qxe5 O-O
15. O-O Qf6 16. Qxf6 gxf6 17. c4 d4 18. a4 a6 19. Rfe1 Rb8 20. Re2 Kf7 21. Nd2
Rd8 22. Ne4 f5 23. Nd2 Bc7 24. f4 Bd7 25. Nf3 Kf6 26. Ne5 Be8 27. Bf3 Rd6 28.
Ra3 Rb6 29. b3 Rd6 30. Kf2 Ba5 31. Raa2 Bc3 32. Rec2 Rb6 33. Ra3 Rd8 34. a5 Rb4
35. Rca2 Rd6 36. Bd1 b6 37. axb6 Rbxb6 38. Kf1 Bb4 39. Ra4 Bxa4 40. Rxa4 Rb8
41. Ra2 Rg8 42. Rg2 Ba5 43. Kf2 Bc7 44. Bh5 Rg7 45. Bf3 Rb6 46. g4 fxg4 47.
Nxg4+ Ke7 48. Nxh6 Rxg2+ 49. Bxg2 Rxb3 50. Ke2 a5 51. Bc6 Rb2+ 52. Kf3 Rd2 0-1

[Event "C.to Italiano U16"]
[Site "Courmayeur ITA"]
[Date "2009.06.30"]
[Round "3"]
[White "Arrigo, Stefano"]
[Black "Melone, Antonio"]
[Result "0-1"]
[WhiteElo "1536"]
[BlackElo "1842"]
[PlyCount "68"]
[EventDate "2009.06.29"]

1. e4 c6 2. d4 d5 3. Nc3 dxe4 4. Nxe4 Nd7 5. Nf3 e6 6. Be2 Ngf6 7. Bg5 h6 8.
Nxf6+ Nxf6 9. Be3 Bd6 10. h3 Qc7 11. Bd3 b6 12. Qe2 Bb7 13. O-O O-O-O 14. a4 a5
15. Bd2 g5 16. Ne5 Rdg8 17. f3 Nh5 18. Qf2 f6 19. Bg6 Rxg6 20. Nxg6 Bh2+ 21.
Kh1 Rg8 22. Ne7+ Kb8 23. Nxg8 Ng3+ 24. Kxh2 Nxf1+ 25. Kg1 Qh2+ 26. Kxf1 Ba6+
27. Qe2 Bxe2+ 28. Kxe2 Qxg2+ 29. Ke3 f5 30. Be1 f4+ 31. Kd3 Qxf3+ 32. Kd2 Qe3+
33. Kd1 Qxd4+ 34. Ke2 Qg7 0-1

[Event "C.to Italiano U16"]
[Site "Courmayeur ITA"]
[Date "2009.06.30"]
[Round "3"]
[White "Dappiano, Andrea"]
[Black "Caprio, Guido"]
[Result "0-1"]
[WhiteElo "1927"]
[BlackElo "2205"]
[PlyCount "75"]
[EventDate "2009.06.29"]

1. c4 g6 2. Nc3 Bg7 3. g3 e5 4. Bg2 d6 5. e4 Ne7 6. Nge2 Nbc6 7. d3 Be6 8. Bg5
h6 9. Be3 O-O 10. Qd2 Kh7 11. O-O Nd4 12. f4 c6 13. Rab1 a5 14. b4 axb4 15.
Rxb4 Rb8 16. Rfb1 Qd7 17. Bxd4 exd4 18. Na4 b5 19. c5 Qc7 20. cxd6 Qxd6 21. e5
Qc7 22. Nc5 Qa7 23. Nxe6 fxe6 24. Qb2 Rfd8 25. a4 Nd5 26. Bxd5 Rxd5 27. axb5
Rdxb5 28. Rxb5 Rxb5 29. Qc2 Qb6 30. Rxb5 cxb5 31. Nc1 Qa5 32. Nb3 Qc3 33. Qxc3
dxc3 34. Kf2 g5 35. Ke3 Kg6 36. Nd4 Bf8 37. Nxb5 Bb4 38. Nd4 0-1

[Event "C.to Italiano U16"]
[Site "Courmayeur ITA"]
[Date "2009.06.30"]
[Round "3"]
[White "Davi, Alessandro"]
[Black "Wieser, Josef"]
[Result "1-0"]
[WhiteElo "2039"]
[BlackElo "1854"]
[PlyCount "59"]
[EventDate "2009.06.29"]

1. d4 d5 2. c4 c6 3. Nc3 Nf6 4. Nf3 e6 5. e3 Bd6 6. Bd3 Nbd7 7. O-O O-O 8. e4
dxe4 9. Nxe4 Nxe4 10. Bxe4 Nf6 11. Bc2 b5 12. Qd3 a5 13. cxb5 cxb5 14. Bg5 g6
15. Rfe1 Ba6 16. Ne5 Be7 17. Nc6 Qc7 18. Nxe7+ Qxe7 19. Re4 h6 20. Bh4 b4 21.
Qe3 Kg7 22. Re1 Rfe8 23. Re5 Bc4 24. h3 Bxa2 25. Ba4 Rec8 26. Qg3 Bc4 27. Rf5
Qb7 28. Bxf6+ Kh7 29. Rh5 Rg8 30. Rxh6+ 1-0

[Event "C.to Italiano U16"]
[Site "Courmayeur ITA"]
[Date "2009.06.30"]
[Round "3"]
[White "Rossetti, Alberto"]
[Black "Fiducioso, Marco"]
[Result "1/2-1/2"]
[WhiteElo "1900"]
[BlackElo "2124"]
[PlyCount "67"]
[EventDate "2009.06.29"]

1. e4 e6 2. d4 d5 3. e5 c5 4. c3 Nc6 5. Nf3 Bd7 6. a3 f6 7. b4 cxd4 8. cxd4
fxe5 9. Nxe5 Nf6 10. Bg5 Bd6 11. Nxc6 bxc6 12. Bd3 O-O 13. O-O e5 14. Nd2 h6
15. Bh4 e4 16. Be2 Qc7 17. Bg3 Bxg3 18. fxg3 Rae8 19. Rc1 Qd6 20. Nb3 Re7 21.
Nc5 Be8 22. Bg4 Bg6 23. Rc3 e3 24. Re1 Nxg4 25. Qxg4 Qf6 26. Qf4 Qxf4 27. gxf4
Rxf4 28. Rcxe3 Rxe3 29. Rxe3 Rxd4 30. Re6 Be4 31. Nxe4 dxe4 32. Rxc6 e3 33. Kf1
Rd1+ 34. Ke2 1/2-1/2

[Event "C.to Italiano U16"]
[Site "Courmayeur ITA"]
[Date "2009.06.30"]
[Round "3"]
[White "Stella, Andrea"]
[Black "Morello, Guido"]
[Result "1-0"]
[WhiteElo "2276"]
[BlackElo "1947"]
[PlyCount "59"]
[EventDate "2009.06.29"]

1. d4 d5 2. c4 Nc6 3. Nc3 Nf6 4. Nf3 dxc4 5. e4 Bg4 6. d5 Ne5 7. Bf4 Ng6 8. Be3
e5 9. Bxc4 a6 10. Be2 Bd6 11. Nd2 h5 12. Nc4 b5 13. Nxd6+ cxd6 14. f3 Bd7 15.
b4 Rc8 16. Rc1 Nf4 17. Bxf4 exf4 18. Qd2 g5 19. Qd4 Qe7 20. a4 Rg8 21. axb5
axb5 22. O-O g4 23. fxg4 Nxg4 24. Bxg4 Bxg4 25. Kh1 Qg5 26. Qf2 f3 27. gxf3 Bh3
28. Rg1 Qxc1 29. Rxc1 Bg2+ 30. Qxg2 1-0

[Event "C.to Italiano U16"]
[Site "Courmayeur ITA"]
[Date "2009.06.30"]
[Round "3"]
[White "Testa, Adriano"]
[Black "Franciosi, Fausto"]
[Result "1-0"]
[WhiteElo "2132"]
[BlackElo "1903"]
[PlyCount "57"]
[EventDate "2009.06.29"]

1. e4 d6 2. d4 Nf6 3. Nc3 e5 4. Nf3 Nbd7 5. Bc4 Be7 6. O-O O-O 7. a4 a5 8. h3
c6 9. Re1 Nb6 10. Bb3 Nfd7 11. Be3 exd4 12. Nxd4 Nc5 13. Qe2 Nxb3 14. Nxb3 Be6
15. Nd4 Qc7 16. f4 Rad8 17. Kh1 d5 18. e5 c5 19. Ncb5 Qd7 20. Nxe6 fxe6 21. c3
Nc4 22. Rad1 Nxe3 23. Qxe3 Qe8 24. Rf1 Qg6 25. Qd3 Qxd3 26. Rxd3 g5 27. Nc7 Rd7
28. Nxe6 Re8 29. f5 1-0

[Event "C.to Italiano U16"]
[Site "Courmayeur ITA"]
[Date "2009.07.02"]
[Round "4"]
[White "Caprio, Guido"]
[Black "Consalvo, Gerardo"]
[Result "1-0"]
[WhiteElo "2205"]
[BlackElo "2051"]
[PlyCount "58"]
[EventDate "2009.06.29"]

1. e4 c5 2. Nf3 d6 3. d4 cxd4 4. Nxd4 Nf6 5. Nc3 g6 6. Bg5 Bg7 7. Bb5+ Bd7 8.
Qe2 a6 9. Bxd7+ Nbxd7 10. O-O-O Qa5 11. f4 Rc8 12. Nb3 Qc7 13. Bxf6 Bxf6 14.
Nd5 Qc4 15. Qxc4 Rxc4 16. Rhe1 Bg7 17. Na5 Ra4 18. Nxb7 Rxa2 19. Nc7+ Kf8 20.
e5 Ra1+ 21. Kd2 Rxd1+ 22. Rxd1 Nxe5 23. fxe5 Bxe5 24. Nxa6 Bxb2 25. c3 Kg7 26.
Re1 Ra8 27. Nb4 Ra3 28. Re3 Rb3 29. Kc2 Rxc3+ 1-0

[Event "C.to Italiano U16"]
[Site "Courmayeur ITA"]
[Date "2009.07.02"]
[Round "4"]
[White "Davi, Alessandro"]
[Black "Testa, Adriano"]
[Result "0-1"]
[WhiteElo "2039"]
[BlackElo "2132"]
[PlyCount "90"]
[EventDate "2009.06.29"]

1. d4 d5 2. c4 e6 3. Nc3 c6 4. e3 Nf6 5. Nf3 Nbd7 6. Bd3 dxc4 7. Bxc4 b5 8. Bd3
a6 9. O-O c5 10. e4 cxd4 11. Nxd4 Bb7 12. Qe2 Bc5 13. Nb3 Bb6 14. Bg5 b4 15.
Na4 e5 16. Nxb6 Qxb6 17. Be3 Qe6 18. Nc5 Nxc5 19. Bxc5 O-O-O 20. Rfc1 Kb8 21.
Rc4 a5 22. Rac1 Qd7 23. Bc2 Qd2 24. Qxd2 Rxd2 25. Be3 Rd6 26. f3 Rc8 27. Rxc8+
Bxc8 28. Bb3 Be6 29. Bxe6 fxe6 30. Rc5 Rd1+ 31. Kf2 Rb1 32. Bc1 Ra1 33. Ke2 Nd7
34. Rc4 Nb6 35. Rc5 Nd7 36. Rc4 Rxa2 37. Kd3 Kb7 38. Kc2 Kb6 39. Rc8 a4 40. Re8
b3+ 41. Kc3 Ra1 42. Rxe6+ Kc7 43. Be3 Re1 44. Kd2 a3 45. bxa3 b2 0-1

[Event "C.to Italiano U16"]
[Site "Courmayeur ITA"]
[Date "2009.07.02"]
[Round "4"]
[White "Mameli, Gianluca"]
[Black "Aghayev, Miragha"]
[Result "0-1"]
[WhiteElo "1876"]
[BlackElo "2106"]
[PlyCount "96"]
[EventDate "2009.06.29"]

1. e4 c5 2. b4 cxb4 3. a3 e6 4. axb4 Bxb4 5. c3 Be7 6. d4 d6 7. Bd3 Nc6 8. Nf3
Nf6 9. Na3 a6 10. O-O O-O 11. Qe2 e5 12. h3 h6 13. Rd1 Qc7 14. Nb5 Qb8 15. Na3
b5 16. d5 Na5 17. Rb1 Qc7 18. c4 bxc4 19. Nxc4 Nxc4 20. Bxc4 Bd7 21. Ba3 Ba4
22. Rdc1 Qa7 23. Rb4 Bb5 24. Nd2 Rab8 25. Rcb1 Rfc8 26. Qd3 Bxc4 27. Nxc4 Rxb4
28. Bxb4 Qc7 29. Ne3 Rb8 30. Nf5 Bf8 31. Ba3 Rxb1+ 32. Qxb1 g6 33. Ne3 Qc3 34.
Bc1 h5 35. Kf1 Nxe4 36. Qxe4 Qxc1+ 37. Ke2 Qb2+ 38. Qc2 Qa1 39. Nc4 f5 40. Qb3
Qd4 41. Ne3 f4 42. Nc2 Qc5 43. Qd3 Kf7 44. Na3 e4 45. Qxa6 Qxd5 46. Nc2 Be7 47.
Nb4 f3+ 48. Ke1 Qc5 0-1

[Event "C.to Italiano U16"]
[Site "Courmayeur ITA"]
[Date "2009.07.02"]
[Round "4"]
[White "Piscitelli, Vito"]
[Black "Stella, Andrea"]
[Result "0-1"]
[WhiteElo "2047"]
[BlackElo "2276"]
[PlyCount "94"]
[EventDate "2009.06.29"]

1. e4 e6 2. d4 d5 3. Nd2 Nf6 4. e5 Nfd7 5. Bd3 c5 6. c3 Nc6 7. Ne2 cxd4 8. cxd4
f6 9. exf6 Nxf6 10. Nf3 Bd6 11. O-O Qc7 12. Bg5 O-O 13. Rc1 a6 14. Bb1 Ne4 15.
Bh4 g6 16. Ng3 Bf4 17. Bxe4 dxe4 18. Nxe4 Bxc1 19. Qxc1 Qf4 20. Qxf4 Rxf4 21.
Nf6+ Kf7 22. Nxh7 Nxd4 23. Nhg5+ Ke8 24. Rd1 Nxf3+ 25. Nxf3 Bd7 26. Bg3 Rf5 27.
Ne5 g5 28. Nc4 Rc5 29. Nd6+ Ke7 30. Nxb7 Rd5 31. Rc1 Rc8 32. Re1 Bc6 33. Nd6
Rxd6 34. Bxd6+ Kxd6 35. h3 Bd5 36. a3 Rc2 37. b4 Rc3 38. Ra1 Rb3 39. Kh2 Kc6
40. Rc1+ Kd6 41. Ra1 Ke5 42. f3 Kf4 43. Rf1 Rxa3 44. g3+ Kf5 45. h4 Rxf3 46.
Rxf3+ Bxf3 47. hxg5 Kxg5 0-1

[Event "C.to Italiano U16"]
[Site "Courmayeur ITA"]
[Date "2009.07.02"]
[Round "5"]
[White "Bifulco, Michel"]
[Black "Melone, Antonio"]
[Result "1-0"]
[WhiteElo "2015"]
[BlackElo "1842"]
[PlyCount "57"]
[EventDate "2009.06.29"]

1. d4 Nf6 2. c4 c5 3. d5 d6 4. Nc3 g6 5. e4 Bg7 6. Bg5 O-O 7. Qd2 a6 8. Bd3
Nbd7 9. Nge2 Rb8 10. f3 Ne5 11. O-O b5 12. cxb5 c4 13. Bc2 axb5 14. Nd4 b4 15.
Nce2 Bb7 16. Bh6 Ba8 17. Bxg7 Kxg7 18. Kh1 Qc7 19. f4 Ned7 20. f5 Ne5 21. Rf4
Qc5 22. Rh4 Ng8 23. Rf1 Qc8 24. Nf4 c3 25. Qf2 Qc4 26. b3 Qa6 27. fxg6 Nxg6 28.
Nxg6 hxg6 29. Qxf7+ 1-0

[Event "C.to Italiano U16"]
[Site "Courmayeur ITA"]
[Date "2009.07.02"]
[Round "5"]
[White "Blengino, Luca"]
[Black "Fiducioso, Marco"]
[Result "0-1"]
[WhiteElo "1894"]
[BlackElo "2124"]
[PlyCount "50"]
[EventDate "2009.06.29"]

1. d4 e6 2. c4 b6 3. Nc3 Bb7 4. e4 Bb4 5. Bd3 f5 6. Qe2 Nf6 7. d5 fxe4 8. Bxe4
Nxe4 9. Qxe4 O-O 10. Nge2 Bxc3+ 11. bxc3 exd5 12. cxd5 Qe8 13. Qd4 c5 14. dxc6
Nxc6 15. Qc4+ d5 16. Qa4 Qh5 17. Be3 Rae8 18. Nf4 Rxf4 19. Qxf4 Ba6 20. g4 Qg6
21. Qf5 Qd6 22. a3 Qc5 23. Kd2 Qb5 24. Rhe1 Ne5 25. Bd4 Nc4+ 0-1